جراحة لتجميل الزمن : (رقم التسجيلة. 34047)

تفاصيل مارك
000 -LEADER
fixed length control field 00481nam a22001577a 4500
005 - DATE AND TIME OF LATEST TRANSACTION
control field 20251108165906.0
008 - FIXED-LENGTH DATA ELEMENTS--GENERAL INFORMATION
fixed length control field 250721s1996 xx 000 0 ara d
082 14 - DEWEY DECIMAL CLASSIFICATION NUMBER
Classification number ق/أمي
100 1# - MAIN ENTRY--PERSONAL NAME
Personal name الأمير، ديزني
245 10 - TITLE STATEMENT
Title جراحة لتجميل الزمن :
Remainder of title قصص /
264 1# - PRODUCTION, PUBLICATION, DISTRIBUTION, MANUFACTURE, AND COPYRIGHT NOTICE
Place of production, publication, distribution, manufacture بيروت :
Name of producer, publisher, distributor, manufacturer المؤسسة العربية للدراسات و النشر،
Date of production, publication, distribution, manufacture, or copyright notice 1996.
300 ## - PHYSICAL DESCRIPTION
Extent 112ص.
650 17 - SUBJECT ADDED ENTRY--TOPICAL TERM
Topical term or geographic name as entry element القصص العربية
942 ## - ADDED ENTRY ELEMENTS (KOHA)
Source of classification or shelving scheme Dewey Decimal Classification
Koha item type كتب
المقتنيات
حالة السحب حالة الفقدان مصدر التصنيف حالة التلف غير قابل للإعارة المكتبة الرئيسية المكتبة الحالية موقع الرف تاريخ التزويد الرقم المتسلسل Total Checkouts رقم الإستدعاء تاريخ آخر ظهور تاريخ الفاتورة نوع المادة (كوها) الباركود
    Dewey Decimal Classification     مكتبة الأميرة ايمان العامة مكتبة الأميرة ايمان العامة الإعارة 18/11/2013 [10548]   ق/أمي 28/07/2025 18/11/2013 كتب PLD00286722
    Dewey Decimal Classification Unchecked   مكتبة الجويدة مكتبة الجويدة الإعارة 12/07/2004 6392   ق/أمي 28/07/2025 12/07/2004 كتب  
    Dewey Decimal Classification Unchecked   مكتبة النصر العامة مكتبة النصر العامة الإعارة 12/07/2004 9173   ق/أمي 28/07/2025 12/07/2004 كتب  
    Dewey Decimal Classification Unchecked   مكتبة حمزة العامة مكتبة حمزة العامة الإعارة 12/07/2004 6025   ق/أمي 28/07/2025 12/07/2004 كتب  
    Dewey Decimal Classification     مكتبة صويلح العامة مكتبة صويلح العامة الإعارة 21/07/2019 13473   ق/أمي 28/07/2025 21/07/2019 كتب PLD00458169
    Dewey Decimal Classification     مكتبة وادي السير العامة مكتبة وادي السير العامة الإعارة 11/02/2016 [7284]..   ق/أمي 28/07/2025 11/02/2016 كتب PLD00373381
Implemented & Customized by: BBB with SCIT (Smart Chains for Information Technology)

Powered by Koha